MARC

LEADER 00000nam0a2200000 4500
001 15201
005 20231030190116.0
010 |a 0201539292 
035 |a (RuTPU)RU\TPU\book\15307 
035 |a BOOK00015376 
090 |a 15201 
100 |a 20011209d1994 k y0engy50 ba 
101 0 |a eng 
102 |a US 
105 |a y z 000zy 
200 1 |a Modern Quantum Mechanics  |f J. J. Sakurai 
210 |a USA  |c Addison-Wesley Publishing Company  |d 1994 
215 |a 500 p. 
610 1 |a квантовая механика 
610 1 |a квантовая теория 
610 1 |a английский язык 
675 |a 530.1  |v 3 
700 1 |a Sakurai  |b J. J. 
801 0 |a RU  |b 63413507  |c 20011209  |g PSBO 
801 2 |a RU  |b 63413507  |c 20080218  |g PSBO 
942 |c BK